000 00453nam a2200181Ia 4500
001 18886
005 20260306171703.0
008 260306s9999||||xx |||||||||||||| ||und||
041 _aESP
082 _a658.542
_bP19
100 _aPalacios Acero, Luis Carlos
_eAUT
245 0 _aIngeniería de métodos, movimientos y tiempos
260 _c2009
300 _a268 páginas :
_c24 cm.
650 _aGEN
654 _aCAN
942 _cLIB
_dJUS
_fJUS
_2ddc
_n
999 _c18886
_d18886